Statistiques concernant Capitales des pays qui commencent par G

Cliquez ici pour prendre le quiz!

Statistiques générales

  • Ce quiz a été pris 97 fois
  • Le résultat moyen est 8 sur 11

Statistiques - réponses

PaysCapitales% Correct
GrèceAthènes
97%
GuatemalaGuatemala
93%
Guinée-BissauBissau
85%
GéorgieTbilissi
80%
GuinéeConakry
80%
GhanaAccra
70%
GabonLibreville
66%
GuyanaGeorgetown
64%
GambieBanjul
55%
GrenadeSaint-Georges
49%
Guinée EquatorialeMalabo
49%

Distribution des résultats

Percentile par nombre de réponses

% des personnes avec chaque résultat

Votre développement - résultats

Vous n’avez pas pris ce quiz